000 00430cam a2200181ua 4500
001 1431
008 160705n II |||gr||||Z||||||eng
040 _aMAIN
041 _aEnglish
082 _a824 RAY
100 _a RAY, HARVEY PEARU.
245 _aWHITEMAN
260 _aNEW DELHI
_bPRENTICE-HALL,INC
_c1962.
300 _a181:
_c20CM.
653 _aEnglish essays
700 _a RAY, HARVEY PEARU.,
_eEDITOR.,
942 _cBK
999 _c1430
_d1430